Rukoväť samosprávy: obecné noviny týždenník miest a obcí
Guardado en:
| Formato: | Seriadas |
|---|---|
| Lenguaje: | eslovaco |
| Publicado: |
Bratislava
INPROST
1995
|
| Etiquetas: |
Sin Etiquetas, Sea el primero en etiquetar este registro!
|
MARC
| LEADER | 00000nas2a2200000 4500 | ||
|---|---|---|---|
| 001 | 0018727 | ||
| 005 | 20250617073626.3 | ||
| 041 | 0 | |a slo | |
| 044 | |a SK | ||
| 245 | 1 | 0 | |a Rukoväť samosprávy: obecné noviny |b týždenník miest a obcí |
| 264 | 1 | |a Bratislava |b INPROST |c 1995 | |
| 300 | |a 1 zv. | ||